[Event "XXV Weekend Magistrale"]
[Site "Robecchetto con Induno ITA"]
[Date "2014.12.27"]
[Round "2"]
[White "Motola, Jacopo"]
[Black "Boschetti, Claudio"]
[WhiteElo "2069"]
[BlackElo "2140"]
[Result "1-0"]
[PlyCount "189"]
[EventDate "2014.12.26"]

1. e4 e5 2. Nf3 Nc6 3. d4 exd4 4. Nxd4 Bb4+ 5. c3 Bc5 6. Be3 Nxd4 7. cxd4 Bb6
8. Nc3 Ne7 9. Bc4 O-O 10. O-O c6 11. Rc1 d5 12. exd5 cxd5 13. Bb3 Be6 14. Bf4
Nf5 15. Ne2 Rc8 16. Qd3 Qf6 17. Be5 Qh6 18. Rxc8 Rxc8 19. h3 Ne7 20. Nf4 Bf5
21. Qb5 Qc6 22. Qb4 Qd7 23. Nh5 Nc6 24. Qe1 Re8 25. Nxg7 Rxe5 26. dxe5 Kxg7 27.
Qd2 Nxe5 28. Bxd5 f6 29. Rd1 Bd3 30. Bb3 Qf5 31. Rc1 Be4 32. Bc2 Bxc2 33. Qxc2
Qg5 34. Rd1 Nf3+ 35. Kh1 Ne5 36. Kg1 Qf4 37. b3 Qg5 38. Qe4 Kh6 39. Qxb7 Qf4
40. Rf1 Ng6 41. Qc8 Kg7 42. Qd7+ Kh6 43. Qd3 Qg5 44. Kh1 f5 45. Qf3 f4 46. Rd1
Qc5 47. Kg1 Qc2 48. Rd5 Qc1+ 49. Kh2 Qc8 50. a4 Qe6 51. h4 Bc7 52. Rh5+ Kg7 53.
Rc5 Bd6 54. Ra5 Qe7 55. Qg4 f3+ 56. g3 h5 57. Qxf3 Qxh4+ 58. Kg2 Qd4 59. Rd5
Qb4 60. Qxh5 Qb7 61. Qf3 Qe7 62. Rb5 Kh6 63. Qe3+ Qxe3 64. fxe3 Ne5 65. Ra5 Bb8
66. Rd5 Kg6 67. e4 Kf6 68. Rd2 Nc6 69. Rd5 Ke6 70. g4 Be5 71. Rd3 Bf6 72. Kh3
Ne5 73. Rd1 Nf3 74. Kg3 Nd4 75. g5 Be5+ 76. Kg4 Nxb3 77. Rd5 Nd4 78. g6 Nc6 79.
Kg5 Bg7 80. Rb5 Nd8 81. Rb8 Nc6 82. Rb7 Bf6+ 83. Kh5 Ke5 84. Rc7 Nd4 85. Rxa7
Kxe4 86. g7 Bxg7 87. Rxg7 Kd5 88. Rb7 Kc6 89. Rb2 Kc7 90. a5 Nc6 91. a6 Kc8 92.
Kg5 Kc7 93. Kf4 Kc8 94. Ke4 Na7 95. Kd5 1-0

[Event "XXV Weekend Magistrale"]
[Site "Robecchetto con Induno ITA"]
[Date "2014.12.27"]
[Round "2"]
[White "Mouflih, Caesar Faycal"]
[Black "Montilli, Vincenzo"]
[WhiteElo "2023"]
[BlackElo "2121"]
[Result "0-1"]
[PlyCount "124"]
[EventDate "2014.12.26"]

1. e4 e6 2. d4 d5 3. Nc3 Nf6 4. e5 Nfd7 5. f4 c5 6. Nf3 Nc6 7. Be3 cxd4 8. Nxd4
Bc5 9. Qd2 Nxd4 10. Bxd4 Bxd4 11. Qxd4 Qb6 12. O-O-O Qxd4 13. Rxd4 a6 14. Be2
g5 15. Bh5 O-O 16. Re1 gxf4 17. Rxf4 b5 18. g4 Bb7 19. g5 Rac8 20. Bf3 Rc7 21.
a4 bxa4 22. Nxa4 Rfc8 23. Bh5 Rf8 24. Nc3 Rc5 25. Na4 Ra5 26. b3 Bc6 27. Kb2
Bxa4 28. Rxa4 Rxa4 29. bxa4 Nc5 30. Ka3 Rb8 31. Rf1 Rb7 32. h4 a5 33. Rf4 Re7
34. Rf1 Nd7 35. Re1 Re8 36. Bg4 Rc8 37. h5 Rxc2 38. g6 hxg6 39. hxg6 Rg2 40.
gxf7+ Kxf7 41. Bf3 Rg3 42. Re3 Ke7 43. Kb2 Nxe5 44. Rxe5 Rxf3 45. Rh5 Kd6 46.
Rh7 Kc6 47. Re7 Re3 48. Re8 d4 49. Ra8 Re5 50. Ra6+ Kd7 51. Kc2 Rd5 52. Kd3 Ke7
53. Ra8 Kf6 54. Rf8+ Ke5 55. Rh8 Rc5 56. Rh5+ Kd6 57. Rh6 Kd5 58. Rh8 Rc3+ 59.
Kd2 Ra3 60. Rb8 Ke4 61. Rb1 Ra2+ 62. Kd1 Rxa4 0-1

[Event "XXV Weekend Magistrale"]
[Site "Robecchetto con Induno ITA"]
[Date "2014.12.27"]
[Round "2"]
[White "Paleologu, Vladimir"]
[Black "Medici, Simone"]
[WhiteElo "2158"]
[BlackElo "2082"]
[Result "1-0"]
[PlyCount "57"]
[EventDate "2014.12.26"]

1. e4 e5 2. f4 Bc5 3. Nf3 d6 4. c3 Qe7 5. d4 exd4 6. cxd4 Qxe4+ 7. Kf2 Bb6 8.
Bb5+ c6 9. Re1 Nf6 10. Bd3 Qxe1+ 11. Qxe1+ Kd8 12. Kf1 Re8 13. Qg3 Bg4 14. f5
Bxf3 15. Qxd6+ Nbd7 16. gxf3 Bc7 17. Qb4 Nb6 18. Bg5 Bxh2 19. Nc3 Kc7 20. Rc1
Nfd5 21. Nxd5+ Nxd5 22. Qa5+ Kd7 23. Be4 Bc7 24. Qa4 Ne7 25. Bxe7 Kxe7 26. Qb4+
Kf6 27. Qxb7 Bg3 28. Rxc6+ Kg5 29. Qxf7 1-0

[Event "XXV Weekend Magistrale"]
[Site "Robecchetto con Induno ITA"]
[Date "2014.12.27"]
[Round "2"]
[White "Pirrello, Christian"]
[Black "Ranfagni, Stefano"]
[WhiteElo "1862"]
[BlackElo "2016"]
[Result "0-1"]
[PlyCount "68"]
[EventDate "2014.12.26"]

1. d4 e6 2. c4 f5 3. g3 Nf6 4. Bg2 c6 5. Nc3 d5 6. Nf3 Bd6 7. O-O O-O 8. b3 Qe7
9. Bb2 Nbd7 10. Qc2 Ne4 11. Nd2 b6 12. cxd5 Nxd2 13. dxc6 Nxf1 14. cxd7 Bxd7
15. Bxa8 Nxg3 16. hxg3 Rxa8 17. e4 Rc8 18. e5 Bb4 19. a3 Bxc3 20. Bxc3 Bc6 21.
Bb4 Qd7 22. Bd6 Bb7 23. Qd3 Qc6 24. d5 exd5 25. Qd4 Qc3 26. Qxc3 Rxc3 27. b4
Kf7 28. Kf1 Ba6+ 29. Kg2 Be2 30. f4 d4 31. Kf2 d3 32. Ke1 Rc2 33. e6+ Kxe6 34.
Be5 Bf3 0-1

[Event "XXV Weekend Magistrale"]
[Site "Robecchetto con Induno ITA"]
[Date "2014.12.27"]
[Round "2"]
[White "Quirico, Paolo"]
[Black "Tagliaferri, Valerio"]
[WhiteElo "2114"]
[BlackElo "1850"]
[Result "1-0"]
[PlyCount "63"]
[EventDate "2014.12.26"]

1. c4 Nf6 2. Nc3 e6 3. e4 Bb4 4. e5 Bxc3 5. dxc3 Ng8 6. Qg4 Kf8 7. Nf3 b6 8.
Be3 Bb7 9. Bd3 Qe7 10. O-O f5 11. exf6 Nxf6 12. Qh3 Nc6 13. b4 a5 14. a3 Nd8
15. c5 bxc5 16. Bxc5 d6 17. Be3 Nf7 18. Rfe1 e5 19. Ng5 Bc8 20. Qf3 e4 21. Bxe4
Bg4 22. Qf4 Nxe4 23. Qxe4 Qxe4 24. Nxe4 axb4 25. axb4 Rxa1 26. Rxa1 Ke7 27. Bd4
Rg8 28. f3 Be6 29. Ra7 Kd7 30. b5 Ne5 31. Bxe5 dxe5 32. Nc5+ 1-0

[Event "XXV Weekend Magistrale"]
[Site "Robecchetto con Induno ITA"]
[Date "2014.12.27"]
[Round "2"]
[White "Soncin, Denis"]
[Black "Vitale, Alessandro"]
[WhiteElo "2034"]
[BlackElo "1882"]
[Result "0-1"]
[PlyCount "76"]
[EventDate "2014.12.26"]

1. e4 e5 2. Bc4 Nf6 3. d4 exd4 4. Nf3 Bc5 5. O-O Nxe4 6. b4 Be7 7. Qxd4 Nf6 8.
Re1 d5 9. Bd3 h6 10. Nc3 Nc6 11. Qf4 Be6 12. Nb5 Bd6 13. Nxd6+ Qxd6 14. b5 Nd8
15. Qxd6 cxd6 16. Nd4 Kd7 17. f4 g6 18. Bb2 Re8 19. Nxe6 Rxe6 20. Rxe6 Kxe6 21.
Re1+ Ne4 22. c4 f5 23. cxd5+ Kxd5 24. Rc1 Ke6 25. Rc7 Nf7 26. Rxb7 Nc5 27. Bc4+
d5 28. Bxd5+ Kxd5 29. Rxf7 Nd3 30. Bg7 h5 31. Rd7+ Ke4 32. g3 Rc8 33. Kf1 Rc2
34. Kg1 Rd2 35. Rd4+ Kf3 36. Rxd3+ Rxd3 37. h4 Rd2 38. a4 Ra2 0-1

[Event "XXV Weekend Magistrale"]
[Site "Robecchetto con Induno ITA"]
[Date "2014.12.27"]
[Round "2"]
[White "Tinelli, Fulvio"]
[Black "Barlocco, Carlo"]
[WhiteElo "1923"]
[BlackElo "2028"]
[Result "1/2-1/2"]
[PlyCount "94"]
[EventDate "2014.12.26"]

1. d4 Nf6 2. Nf3 e6 3. Bg5 c5 4. e3 Qb6 5. Nbd2 Qxb2 6. Be2 Qb6 7. c4 Be7 8.
O-O d6 9. Qc2 Nc6 10. Rab1 Qc7 11. Rfd1 O-O 12. Rb3 Bd7 13. Qb1 b6 14. Ne4 Nxe4
15. Qxe4 f6 16. Bh4 f5 17. Qb1 Bxh4 18. Nxh4 Ne7 19. Rbd3 Bc6 20. d5 Ba4 21.
Rc1 e5 22. Ra3 Bd7 23. f4 e4 24. g4 g6 25. Kh1 Qd8 26. g5 h6 27. gxh6 Kh7 28.
Rg1 Rg8 29. Rg5 Qf8 30. Qe1 Qxh6 31. Qg3 Kg7 32. Rh5 Qxh5 33. Bxh5 Kf7 34. Bd1
b5 35. Ra6 Nc8 36. Bb3 Nb6 37. cxb5 Bxb5 38. Ra5 Bd3 39. Qf2 Nd7 40. Ng2 Nf6
41. Ba4 Ng4 42. Qb2 Rgb8 43. Rxa7+ Rxa7 44. Qxb8 Nf2+ 45. Kg1 Nh3+ 46. Kh1 Nf2+
47. Kg1 Nh3+ 1/2-1/2

[Event "XXV Weekend Magistrale"]
[Site "Robecchetto con Induno ITA"]
[Date "2014.12.27"]
[Round "2"]
[White "Ventura, Salvatore"]
[Black "Rossini, Fulvio"]
[WhiteElo "2049"]
[BlackElo "1978"]
[Result "1/2-1/2"]
[PlyCount "59"]
[EventDate "2014.12.26"]

1. c4 g6 2. g3 c5 3. Bg2 Nc6 4. Nc3 Bg7 5. Nf3 d6 6. a3 e6 7. Rb1 Nge7 8. d3
O-O 9. Bg5 h6 10. Bd2 f5 11. Qc1 Kh7 12. b4 e5 13. O-O g5 14. h4 g4 15. Ne1 f4
16. b5 Nd4 17. Be4+ Bf5 18. Bxb7 Rb8 19. Bg2 Bg6 20. gxf4 Nef5 21. e3 Nf3+ 22.
Nxf3 gxf3 23. Bxf3 Nxh4 24. Be4 Qd7 25. Bxg6+ Kxg6 26. Kh2 Nf3+ 27. Kg3 h5 28.
Kxf3 Qg4+ 29. Ke4 Qf5+ 30. Kf3 1/2-1/2

[Event "XXV Weekend Magistrale"]
[Site "Robecchetto con Induno ITA"]
[Date "2014.12.27"]
[Round "3"]
[White "Barlocco, Carlo"]
[Black "Linder, Oliver"]
[WhiteElo "2028"]
[BlackElo "1985"]
[Result "0-1"]
[PlyCount "188"]
[EventDate "2014.12.26"]

1. e4 e6 2. Nf3 d5 3. Nc3 Be7 4. d4 Nf6 5. Bd3 c5 6. e5 Nfd7 7. dxc5 Nc6 8. Qe2
Nxc5 9. O-O Nxd3 10. cxd3 b6 11. Bf4 Ba6 12. a3 Rc8 13. Rac1 O-O 14. b4 Bb7 15.
Rc2 Qd7 16. Rfc1 f6 17. Qd2 f5 18. Bg5 Bxg5 19. Qxg5 h6 20. Qd2 d4 21. Ne2 Qd5
22. Nf4 Qd7 23. Ng6 Rfd8 24. h4 Ne7 25. Nxe7+ Qxe7 26. Rxc8 Bxc8 27. Qf4 Bb7
28. Rc4 Ba6 29. Rxd4 Bxd3 30. Rd6 Be4 31. Qd2 Bd5 32. Rxd8+ Qxd8 33. Nd4 Qa8
34. f3 Qb7 35. Kf2 Kh7 36. Ne2 Qc7 37. Qc3 Qe7 38. g3 g5 39. hxg5 hxg5 40. Nd4
Qb7 41. Nb5 Kg6 42. Nd6 Qh7 43. Qc8 Qh2+ 44. Ke3 Qg1+ 45. Kd3 Qd1+ 46. Kc3
Qxf3+ 47. Kb2 Qb3+ 48. Kc1 Qxa3+ 49. Kd1 Qd3+ 50. Kc1 Qe3+ 51. Kb1 Qe1+ 52. Kc2
Qe2+ 53. Kc1 Qf1+ 54. Kb2 Qf2+ 55. Kc1 Qe3+ 56. Kb1 Be4+ 57. Kb2 Qd2+ 58. Ka3
Qd3+ 59. Kb2 Qb1+ 60. Ka3 Qa1+ 61. Kb3 Bd5+ 62. Kc2 Qa2+ 63. Kc1 Qa3+ 64. Kd1
Qb3+ 65. Ke2 Qb2+ 66. Kf1 Qg2+ 67. Ke1 Qxg3+ 68. Kd2 Qf4+ 69. Kc2 Qf2+ 70. Kc1
Qe1+ 71. Kc2 Be4+ 72. Kb3 Qb1+ 73. Ka3 Qa1+ 74. Kb3 Qd1+ 75. Kb2 Qd2+ 76. Ka3
Qd3+ 77. Kb2 Qd4+ 78. Ka3 Qd3+ 79. Kb2 Qb1+ 80. Ka3 Qa1+ 81. Kb3 Bd5+ 82. Kc2
Qa4+ 83. Kc1 Qa1+ 84. Kc2 Kh5 85. Qh8+ Kg4 86. Ne8 Qa2+ 87. Kd1 Qb1+ 88. Ke2
Bf3+ 89. Kd2 Qxb4+ 90. Kd3 Qa3+ 91. Kd2 Qb2+ 92. Kd3 Be2+ 93. Ke3 f4+ 94. Kf2
Bf3+ 0-1

[Event "XXV Weekend Magistrale"]
[Site "Robecchetto con Induno ITA"]
[Date "2014.12.27"]
[Round "3"]
[White "Boschetti, Claudio"]
[Black "Mouflih, Caesar Faycal"]
[WhiteElo "2140"]
[BlackElo "2023"]
[Result "0-1"]
[PlyCount "100"]
[EventDate "2014.12.26"]

1. e4 e5 2. Bc4 Nf6 3. d3 d5 4. exd5 Nxd5 5. Nf3 Nc6 6. O-O Be7 7. Re1 O-O 8.
a4 Nb6 9. Ba2 Bg4 10. h3 Bxf3 11. Qxf3 Nxa4 12. c3 Nb6 13. b4 Bf6 14. Nd2 Nxb4
15. cxb4 e4 16. Nxe4 Bxa1 17. Bg5 Qd4 18. Rb1 Rae8 19. Nc5 Bc3 20. Be3 Qf6 21.
Qxb7 Bd4 22. Ne4 Qd8 23. Bg5 Qd7 24. b5 Re5 25. Rc1 Rc8 26. Bf4 Rxb5 27. Ng5
Bxf2+ 28. Kh1 Rf5 29. Qf3 Bd4 30. Qg4 Rf6 31. Qg3 c6 32. Ne4 Rg6 33. Qf3 Nd5
34. Bd2 h6 35. Rb1 Qe7 36. Bc4 Nb6 37. Bb3 Nd5 38. Bc4 Bb6 39. Rc1 Rb8 40. Qh5
Rd8 41. Rf1 Bc7 42. Be1 Qe5 43. Qxe5 Bxe5 44. Bf2 Rb8 45. Bxa7 Rb2 46. Nf2 Rf6
47. Re1 Bg3 48. Re8+ Kh7 49. Ne4 Rf1+ 50. Bg1 Rxg1+ 0-1

[Event "XXV Weekend Magistrale"]
[Site "Robecchetto con Induno ITA"]
[Date "2014.12.27"]
[Round "3"]
[White "Cereda, Loris"]
[Black "Ranfagni, Stefano"]
[WhiteElo "2172"]
[BlackElo "2016"]
[Result "1-0"]
[PlyCount "61"]
[EventDate "2014.12.26"]

1. e4 e6 2. d4 d5 3. exd5 exd5 4. Nf3 Bd6 5. c4 c6 6. Nc3 Ne7 7. Be2 O-O 8. O-O
Bf5 9. Qb3 dxc4 10. Qxb7 Nd7 11. Bg5 f6 12. Bd2 Nb6 13. Qa6 Bc8 14. Qa5 Ned5
15. Ne4 Bc7 16. Rfe1 Rb8 17. Nc5 Nd7 18. Qa3 Nxc5 19. dxc5 Bg4 20. Bxc4 Bxf3
21. Qxf3 Rxb2 22. Rad1 Kh8 23. Bc1 Rc2 24. Qe4 Rc3 25. Bxd5 cxd5 26. Rxd5 Qb8
27. Bd2 Ra3 28. Rh5 f5 29. Qh4 Be5 30. Rxh7+ Kg8 31. Qh5 1-0

[Event "XXV Weekend Magistrale"]
[Site "Robecchetto con Induno ITA"]
[Date "2014.12.27"]
[Round "3"]
[White "Coppola, Federico"]
[Black "Di Chiara, Mauro"]
[WhiteElo "2087"]
[BlackElo "1924"]
[Result "1/2-1/2"]
[PlyCount "33"]
[EventDate "2014.12.26"]

1. Nf3 g6 2. e4 Bg7 3. d4 d6 4. h3 Nf6 5. Nc3 O-O 6. Be2 c5 7. Be3 cxd4 8. Nxd4
Nc6 9. O-O Bd7 10. Qd2 Nxd4 11. Bxd4 Bc6 12. Qe3 b6 13. Rad1 Qc7 14. e5 dxe5
15. Qxe5 Qxe5 16. Bxe5 Rfd8 17. Rxd8+ 1/2-1/2

[Event "XXV Weekend Magistrale"]
[Site "Robecchetto con Induno ITA"]
[Date "2014.12.27"]
[Round "3"]
[White "Guidi, Maurizio"]
[Black "Bianchi, Alberto"]
[WhiteElo "2043"]
[BlackElo "1924"]
[Result "1-0"]
[PlyCount "60"]
[EventDate "2014.12.26"]

1. Nf3 d5 2. g3 Nf6 3. Bg2 e6 4. O-O c5 5. c4 Be7 6. b3 d4 7. d3 Nc6 8. Bb2 O-O
9. Na3 Rb8 10. Qd2 Nd7 11. e3 Nce5 12. Nxe5 Nxe5 13. exd4 cxd4 14. Nc2 Nc6 15.
b4 Bf6 16. b5 Ne7 17. Rfe1 Nf5 18. a4 a6 19. Ba3 Re8 20. c5 Ne7 21. c6 axb5 22.
axb5 bxc6 23. bxc6 Qc7 24. Nb4 Rb6 25. Rec1 e5 26. Nd5 Nxd5 27. Bxd5 Be7 28.
Bxe7 Rxe7 29. Ra8 Rb8 30. Rca1 Kf8 1-0

[Event "XXV Weekend Magistrale"]
[Site "Robecchetto con Induno ITA"]
[Date "2014.12.27"]
[Round "3"]
[White "Miracola, Giorgia"]
[Black "Tinelli, Fulvio"]
[WhiteElo "1856"]
[BlackElo "1923"]
[Result "1/2-1/2"]
[PlyCount "74"]
[EventDate "2014.12.26"]

1. e4 e6 2. d4 d5 3. Nc3 Bb4 4. Nge2 dxe4 5. a3 Be7 6. Nxe4 Nd7 7. Bf4 Ngf6 8.
Qd3 b6 9. g4 Bb7 10. Bg2 Bxe4 11. Bxe4 Nxe4 12. Qxe4 O-O 13. O-O-O Bg5 14. Bxg5
Qxg5+ 15. f4 Qd5 16. Qd3 Rfd8 17. h4 Rac8 18. Nc3 Qa8 19. g5 c5 20. d5 c4 21.
Qg3 Nc5 22. Qg4 Rc7 23. dxe6 Nxe6 24. f5 Nd4 25. Rhg1 Rcd7 26. Ne4 Kh8 27. h5
Qd5 28. Rgf1 Re7 29. Nc3 Qe5 30. Kb1 a6 31. Rfe1 Qxe1 32. Rxe1 Rxe1+ 33. Ka2
Nxc2 34. Qxc4 Ra1+ 35. Kb3 Nd4+ 36. Kb4 Nc2+ 37. Kb3 Nd4+ 1/2-1/2

[Event "XXV Weekend Magistrale"]
[Site "Robecchetto con Induno ITA"]
[Date "2014.12.27"]
[Round "3"]
[White "Montilli, Vincenzo"]
[Black "Damia, Angelo"]
[WhiteElo "2121"]
[BlackElo "2177"]
[Result "1/2-1/2"]
[PlyCount "47"]
[EventDate "2014.12.26"]

1. Nf3 e6 2. c4 d5 3. g3 dxc4 4. Qa4+ Nd7 5. Bg2 a6 6. Qxc4 b5 7. Qc2 Bb7 8.
O-O Ngf6 9. Nc3 c5 10. d3 Be7 11. a4 Qb6 12. axb5 axb5 13. Rxa8+ Bxa8 14. Qb3
b4 15. Nb1 Bd5 16. Qc2 O-O 17. Bg5 h6 18. Bxf6 Nxf6 19. Nbd2 Nd7 20. Ra1 Ra8
21. Rxa8+ Bxa8 22. Nc4 Qa6 23. Nfd2 Bd5 24. h3 1/2-1/2

[Event "XXV Weekend Magistrale"]
[Site "Robecchetto con Induno ITA"]
[Date "2014.12.27"]
[Round "3"]
[White "Nemeth, Zoltan"]
[Black "Angelini, Marco"]
[WhiteElo "2312"]
[BlackElo "2216"]
[Result "1/2-1/2"]
[PlyCount "128"]
[EventDate "2014.12.26"]

1. Nf3 Nf6 2. g3 g6 3. b3 Bg7 4. Bb2 c5 5. Bg2 O-O 6. c4 Nc6 7. O-O d6 8. e3
Bf5 9. d4 Rb8 10. Nbd2 Ne4 11. Nh4 Nxd2 12. Qxd2 Bd7 13. Nf3 Qc8 14. dxc5 Bxb2
15. Qxb2 dxc5 16. Ne5 Qc7 17. Nxd7 Qxd7 18. Rad1 Qc7 19. Bxc6 Qxc6 20. Qe5 Rfe8
21. Rd2 Rbd8 22. Rfd1 Rxd2 23. Rxd2 b6 24. Qd5 Qc7 25. h4 h5 26. Qd7 Rc8 27. e4
Kf8 28. f4 Qb8 29. Kf2 Rc7 30. Qd5 Qc8 31. f5 Kg7 32. Ke3 e6 33. Qe5+ Kh7 34.
fxg6+ fxg6 35. Rf2 Re7 36. g4 hxg4 37. h5 g5 38. Qf6 Qe8 39. h6 Qd7 40. Rd2 Qc7
41. e5 Qb7 42. Rf2 g3 43. Rf3 Qd7 44. Ke2 Qb7 45. Ke3 Qd7 46. Qxg5 Qd4+ 47. Ke2
Qe4+ 48. Qe3 Qg4 49. Kf1 Qh3+ 50. Ke1 Qxh6 51. Qxh6+ Kxh6 52. Rxg3 Rg7 53. Rf3
Rg5 54. Rf6+ Kg7 55. Rxe6 Kf7 56. Rf6+ Ke7 57. Rh6 Rxe5+ 58. Kd2 Kd7 59. Rh7+
Re7 60. Rxe7+ Kxe7 61. Ke3 Kf7 62. Kf3 Ke7 63. Ke3 Kf7 64. Kf3 Ke7 1/2-1/2

[Event "XXV Weekend Magistrale"]
[Site "Robecchetto con Induno ITA"]
[Date "2014.12.27"]
[Round "3"]
[White "Pirrello, Christian"]
[Black "Soncin, Denis"]
[WhiteElo "1862"]
[BlackElo "2034"]
[Result "1/2-1/2"]
[PlyCount "77"]
[EventDate "2014.12.26"]

1. d4 Nf6 2. c4 g6 3. f3 d5 4. cxd5 Nxd5 5. e4 Nb6 6. Be3 Bg7 7. Nc3 O-O 8. Qd2
c6 9. Nge2 Nc4 10. Qc1 Nxe3 11. Qxe3 Qb6 12. O-O-O e5 13. Qg1 exd4 14. Nxd4 Rd8
15. Nb3 Rxd1+ 16. Nxd1 Be6 17. Qxb6 axb6 18. Kb1 Na6 19. Bxa6 bxa6 20. Nc3 Rd8
21. Kc2 Kf8 22. Na4 Bxb3+ 23. axb3 Bd4 24. Rd1 Ke7 25. Nc3 Rd6 26. Ne2 Bf2 27.
Rxd6 Kxd6 28. Nf4 Bg1 29. h3 a5 30. Nd3 Bd4 31. Kd2 b5 32. Kc2 g5 33. Kd2 h5
34. g4 h4 35. Kc2 c5 36. Ne1 Ke6 37. Nd3 Kd6 38. Nc1 Ke5 39. Nd3+ 1/2-1/2

[Event "XXV Weekend Magistrale"]
[Site "Robecchetto con Induno ITA"]
[Date "2014.12.27"]
[Round "3"]
[White "Quirico, Paolo"]
[Black "Paleologu, Vladimir"]
[WhiteElo "2114"]
[BlackElo "2158"]
[Result "0-1"]
[PlyCount "58"]
[EventDate "2014.12.26"]

1. c4 e5 2. g3 Nf6 3. Bg2 d5 4. cxd5 Nxd5 5. Nc3 Nb6 6. Nf3 Nc6 7. O-O Be7 8.
a3 a5 9. d3 Be6 10. Be3 Nd5 11. Nxd5 Bxd5 12. Qa4 O-O 13. Nd2 Bxg2 14. Kxg2 Nd4
15. Bxd4 exd4 16. Rac1 Re8 17. Nf3 c5 18. Rc2 Ra6 19. Qb5 Qa8 20. a4 Re6 21.
Rfc1 Bf8 22. Kg1 h6 23. Qb3 b6 24. Rd2 c4 25. dxc4 Bb4 26. Qd3 Qe4 27. Rcd1
Bxd2 28. Qxd2 Qxe2 29. Qxe2 Rxe2 0-1

[Event "XXV Weekend Magistrale"]
[Site "Robecchetto con Induno ITA"]
[Date "2014.12.27"]
[Round "3"]
[White "Rossini, Fulvio"]
[Black "Briata, Federico"]
[WhiteElo "1978"]
[BlackElo "2041"]
[Result "1/2-1/2"]
[PlyCount "50"]
[EventDate "2014.12.26"]

1. e4 c5 2. Nc3 Nc6 3. g3 g6 4. f4 Bg7 5. Nf3 e6 6. Bg2 Nge7 7. d3 Nd4 8. O-O
O-O 9. Ne2 d5 10. e5 Nec6 11. c3 Nxf3+ 12. Rxf3 d4 13. cxd4 cxd4 14. g4 f6 15.
exf6 Bxf6 16. Ng3 Bg7 17. Ne4 e5 18. Bh3 exf4 19. Bxf4 Be6 20. Bd6 Rxf3 21.
Qxf3 Ne5 22. Qg3 Nf7 23. Bc7 Qe7 24. Re1 Kh8 25. Bb8 Qd8 1/2-1/2

[Event "XXV Weekend Magistrale"]
[Site "Robecchetto con Induno ITA"]
[Date "2014.12.27"]
[Round "3"]
[White "Sbarra, Marco"]
[Black "Ventura, Salvatore"]
[WhiteElo "2191"]
[BlackElo "2049"]
[Result "0-1"]
[PlyCount "78"]
[EventDate "2014.12.26"]

1. d4 e6 2. c4 f5 3. g3 Nf6 4. Bg2 d5 5. Nf3 c6 6. O-O Bd6 7. Nc3 O-O 8. Rb1
Ne4 9. Qc2 Nd7 10. b4 Ndf6 11. c5 Nxc3 12. Qxc3 Ne4 13. Qc2 Bc7 14. b5 cxb5 15.
Rxb5 b6 16. cxb6 axb6 17. Rb2 Ba6 18. Be3 Bc4 19. Ra1 f4 20. gxf4 Bxf4 21. Qc1
Bd6 22. Ne5 b5 23. a4 Qh4 24. f3 Nc5 25. Bf2 Qh5 26. Nxc4 Bxh2+ 27. Kf1 Nxa4
28. Rxa4 bxa4 29. Nb6 a3 30. Ra2 Ra6 31. Nd7 Rfa8 32. Nc5 Rb6 33. Nd3 Bd6 34.
Be1 Rab8 35. Qe3 Qh6 36. f4 Rf8 37. Bh3 Bxf4 38. Nxf4 Rxf4+ 39. Bf2 Rxf2+ 0-1

[Event "XXV Weekend Magistrale"]
[Site "Robecchetto con Induno ITA"]
[Date "2014.12.27"]
[Round "3"]
[White "Tagliaferri, Valerio"]
[Black "Medici, Simone"]
[WhiteElo "1850"]
[BlackElo "2082"]
[Result "1-0"]
[PlyCount "141"]
[EventDate "2014.12.26"]

1. Nf3 Nf6 2. d4 d5 3. e3 c6 4. Bd3 Bg4 5. Nbd2 Nbd7 6. h3 Bh5 7. c3 e6 8. O-O
Bd6 9. Qc2 O-O 10. Re1 c5 11. b3 e5 12. dxe5 Nxe5 13. Nxe5 Bxe5 14. Bb2 Bc7 15.
e4 Re8 16. exd5 Qxd5 17. Ne4 Bg6 18. c4 Qc6 19. Nxf6+ gxf6 20. Bf5 Rxe1+ 21.
Rxe1 Re8 22. Rxe8+ Qxe8 23. Kf1 Qd8 24. g3 Qe7 25. Qd3 Qe6 26. Bxg6 hxg6 27.
Kg2 f5 28. Qc3 Kf8 29. Qh8+ Ke7 30. Qh4+ Kd7 31. Qf6 Qe4+ 32. Kh2 Ke8 33. Qh8+
Kd7 34. Qf6 Qe8 35. Kg2 b6 36. Qc3 Qe4+ 37. Qf3 Ke6 38. Qxe4+ fxe4 39. f4 f5
40. Bc1 Bd8 41. Be3 Bf6 42. g4 Bc3 43. Kf2 Kd6 44. Ke2 Kc6 45. Kd1 a6 46. Kc2
Be1 47. a3 b5 48. cxb5+ Kxb5 49. Kd1 Bg3 50. Kc2 c4 51. a4+ Kb4 52. Bd2+ Kc5
53. Be3+ Kd5 54. b4 Be1 55. b5 axb5 56. axb5 Bb4 57. b6 Kc6 58. gxf5 gxf5 59.
h4 Bf8 60. Kc3 Bg7+ 61. Kxc4 Bf8 62. b7 Kxb7 63. Kd5 Ba3 64. Ke6 Kc6 65. Kxf5
Kd5 66. h5 Bf8 67. Kg6 Bb4 68. f5 Kc4 69. h6 Kd3 70. Bg5 Bc3 71. f6 1-0

[Event "XXV Weekend Magistrale"]
[Site "Robecchetto con Induno ITA"]
[Date "2014.12.27"]
[Round "3"]
[White "Ubezio, Marco"]
[Black "Motola, Jacopo"]
[WhiteElo "2090"]
[BlackElo "2069"]
[Result "0-1"]
[PlyCount "232"]
[EventDate "2014.12.26"]

1. d4 d5 2. c4 dxc4 3. e4 e5 4. Nf3 exd4 5. Bxc4 Bb4+ 6. Nbd2 Nc6 7. O-O Nf6 8.
e5 Nd5 9. Nb3 Nb6 10. Bb5 Bd7 11. Nbxd4 Nxd4 12. Nxd4 Bxb5 13. Nxb5 a6 14. Qg4
axb5 15. Qxb4 Qd7 16. Re1 Nd5 17. Qc5 b6 18. Qc2 O-O 19. Bd2 Qe6 20. a3 c6 21.
Rac1 Rac8 22. Qe4 Rfe8 23. f3 h5 24. Qh4 Qf5 25. Qe4 Qxe4 26. Rxe4 Re6 27. h3
c5 28. Rd1 Rce8 29. Be1 Ne7 30. Rd7 Ng6 31. f4 f5 32. exf6 Rxe4 33. f7+ Kf8 34.
fxe8=Q+ Kxe8 35. Rxg7 Rxe1+ 36. Kf2 Rb1 37. Rxg6 Rxb2+ 38. Kf3 b4 39. axb4 Rxb4
40. g4 hxg4+ 41. hxg4 c4 42. g5 c3 43. Rc6 Rb3 44. g6 Kd7 45. Rc4 b5 46. Rc5 b4
47. Kg4 Rb1 48. Kf5 Rg1 49. Kf6 Kd6 50. Rc8 Kd5 51. g7 Kd4 52. g8=Q Rxg8 53.
Rxg8 c2 54. Rc8 b3 55. f5 b2 56. Rxc2 b1=Q 57. Re2 Qb6+ 58. Re6 Qd8+ 59. Kf7
Qd7+ 60. Kf6 Qh7 61. Re7 Qh3 62. Re6 Qh6+ 63. Kf7 Qh7+ 64. Kf6 Qg8 65. Re1 Qh8+
66. Kg6 Qh4 67. Re6 Kd5 68. Re8 Qg4+ 69. Kf6 Qh5 70. Re5+ Kd4 71. Re6 Kd3 72.
Re7 Qh4+ 73. Kf7 Qh5+ 74. Kf6 Kd4 75. Re6 Kd5 76. Re5+ Kd6 77. Re6+ Kd7 78.
Re7+ Kd8 79. Re6 Qg4 80. Ke5 Qg5 81. Ke4 Kd7 82. Ke5 Qg7+ 83. Ke4 Qc3 84. Kf4
Qd2+ 85. Ke5 Qc3+ 86. Kf4 Qg7 87. Ke4 Qg5 88. Ke5 Kc7 89. Ke4 Qg3 90. Re7+ Kd6
91. Re6+ Kc5 92. Re5+ Kc4 93. Re6 Kc3 94. Rc6+ Kd2 95. Re6 Ke2 96. Kd5+ Kf3 97.
Rg6 Qf4 98. Ke6 Qe4+ 99. Kf7 Kf4 100. f6 Kf5 101. Rg7 Qe6+ 102. Kf8 Qc8+ 103.
Kf7 Qd7+ 104. Kf8 Qd8+ 105. Kf7 Qxf6+ 106. Kg8 Qd8+ 107. Kh7 Qe8 108. Ra7 Qg6+
109. Kh8 Qf6+ 110. Kh7 Qh4+ 111. Kg8 Qc4+ 112. Kh7 Kf6 113. Rg7 Qh4+ 114. Kg8
Qh5 115. Ra7 Qd5+ 116. Kh8 Qh1+ 0-1

[Event "XXV Weekend Magistrale"]
[Site "Robecchetto con Induno ITA"]
[Date "2014.12.27"]
[Round "3"]
[White "Vitale, Alessandro"]
[Black "Berni, Fabrizio"]
[WhiteElo "1882"]
[BlackElo "2121"]
[Result "1/2-1/2"]
[PlyCount "38"]
[EventDate "2014.12.26"]

1. f4 c5 2. Nf3 g6 3. e3 Bg7 4. d4 Nf6 5. Bd3 O-O 6. O-O Nc6 7. c3 d6 8. Qc2 e5
9. fxe5 dxe5 10. dxc5 Qe7 11. e4 Qxc5+ 12. Qf2 Qd6 13. Bc2 h6 14. h3 Be6 15.
Be3 Rfe8 16. Nbd2 Qc7 17. Bb3 Bxb3 18. axb3 b6 19. Ra4 Nh5 1/2-1/2

[Event "XXV Weekend Magistrale"]
[Site "Robecchetto con Induno ITA"]
[Date "2014.12.28"]
[Round "4"]
[White "Angelini, Marco"]
[Black "Montilli, Vincenzo"]
[WhiteElo "2216"]
[BlackElo "2121"]
[Result "0-1"]
[PlyCount "70"]
[EventDate "2014.12.26"]

1. e4 e6 2. d4 d5 3. e5 c5 4. c3 Qb6 5. Nf3 Nc6 6. a3 f6 7. exf6 Nxf6 8. Bd3
cxd4 9. cxd4 Bd6 10. O-O O-O 11. Nc3 Bd7 12. Bc2 Ne7 13. Rb1 Rac8 14. Bg5 Be8
15. Qe2 Kh8 16. Rfe1 Bg6 17. Bxg6 Nxg6 18. Qxe6 Rce8 19. Qh3 Rxe1+ 20. Nxe1
Qxd4 21. Rd1 Qb6 22. Nd3 Ne4 23. Be3 Qb3 24. Nc1 Qc2 25. N1e2 Nxc3 26. Nxc3
Qxb2 27. Nxd5 Qxa3 28. Qe6 Bc5 29. Bxc5 Qxc5 30. Ne3 Qg5 31. Rd5 Qf4 32. f3 Qb4
33. Kf2 Qb2+ 34. Kg3 Qc1 35. Ng4 Qf4+ 0-1